Welcome to the Holygrace Academy Library

Please use search bar below to get started

VIJAYATHILEKKU IRUPATHU PADIKAL (Record no. 1166)

MARC details
000 -LEADER
fixed length control field 00355nam a22001457a 4500
020 ## - INTERNATIONAL STANDARD BOOK NUMBER
ISBN 81-240-0005-0
082 ## - DEWEY DECIMAL CLASSIFICATION NUMBER
Classification number 894.812
Item number GEE/V
100 ## - MAIN ENTRY--AUTHOR NAME
Personal name GEETHALAYAM GEETHAKRISHNAN
245 ## - TITLE STATEMENT
Title VIJAYATHILEKKU IRUPATHU PADIKAL
250 ## - EDITION STATEMENT
Edition statement NINTH EDITION
260 ## - PUBLICATION, DISTRIBUTION, ETC. (IMPRINT)
Place of publication KOTTAYAM
Name of publisher CURRENT BOOKS
Year of publication 2006
300 ## - PHYSICAL DESCRIPTION
Number of Pages 108
650 ## - SUBJECT ADDED ENTRY--TOPICAL TERM
Topical Term PSYCHOLOGY
Geographic subdivision KERALA
942 ## - ADDED ENTRY ELEMENTS (KOHA)
Koha item type Books
Holdings
Withdrawn status Lost status Collection code Home library Current library Shelving location Date acquired Source of acquisition Cost, normal purchase price Full call number Accession Number Koha item type
    Reference Main Library Main Library SHELF-6E-- MALAYALAM PSYCHOLOGICAL &MOTIVATIONAL BOOKS 10/10/2006 purchase 35.00 894.812 GEE/V 02093 Books